000 00516nam a22001817a 4500
005 20230419150916.0
008 230419b ||||| |||| 00| 0 eng d
040 _cAL
041 _aEnglish
082 _223
_a310/116
_bJOHS
100 _aHarry M Johnson
_990639
245 _aSociology: a Systematic Introduction
260 _aNew Delhi
_bAllied Publishers Private Limited
_c1966
300 _axv,688 p.
_bPB
_c23.5x15 cm.
650 _aSociology
_990640
700 _aJOHNSON (Harry M)
_990641
942 _2ddc
_cSG
999 _c227211
_d227211